Pays les plus proches de l'Allemagne A-Z - Statistiques

Statistiques générales
  • Ce quiz a été pris 250 fois
  • Le résultat moyen est 20 sur 24
Statistiques - réponses
Lettre Pays % Correct
F France
100%
B Belgique
98%
D Danemark
96%
P Pays-Bas / Pologne
95%
S Suisse
93%
A Autriche
92%
H Hongrie
92%
I Italie
92%
E Estonie
89%
L Luxembourg
87%
C Croatie
84%
Y Yemen
83%
Q Qatar
82%
N Norvège
80%
G Grèce
79%
Z Zambie
79%
V Vatican
78%
J Jordanie
77%
R République Tchèque
77%
K Kosovo
74%
U Ukraine
71%
M Monaco
62%
O Ouzbékistan
58%
T Tunisie
48%
Aucun quiz correspondant
Distribution des résultats
% des personnes avec chaque résultat
Percentile par nombre de réponses
Votre historique - résultats
Vous n’avez pas pris ce quiz